| 000 | 00675nam a2200181Ia 4500 | ||
|---|---|---|---|
| 008 | 170419s9999 xx 000 0 und d | ||
| 100 | _aMurphy, Colm P. | ||
| 245 | _aContextual information and perceptual-cognitive expertise in a dynamic, temporally-constrained task | ||
| 245 | _cColm P. Murphy, Robin C. Jackson, Karl Cooke, Andre Roca, Nicolas Benguigui, and A. Mark Williams | ||
| 260 | _bAmerican Psychological Association | ||
| 260 | _c2016 | ||
| 300 | _aDecember 2016 | ||
| 440 |
_aJournal of Experimental Psychology: Applied _v22:4 |
||
| 650 | _aANTICIPATION | ||
| 650 | _aCONTEXTUAL INFORMATION | ||
| 650 | _aPERCEPTUAL-COGNITIVE SKILLS | ||
| 650 | _aSKILL | ||
| 999 |
_c329540 _d329540 |
||